| 000 | 00955nam a22002417a 4500 | ||
|---|---|---|---|
| 005 | 20240530110456.0 | ||
| 008 | 150608s2012 ua g b 000 0 ara d | ||
| 017 |
_a9788 _bمصر . دار الكتب المصرية |
||
| 020 | _a9789776302129 | ||
| 040 | _aEG-CaGPL | ||
| 082 | 0 | 4 |
_221 _a371.91\ _bع ط |
| 100 | 0 | _aعبدالحكم الخزامى | |
| 245 | 1 | 0 |
_aطرق اعداد المناهج الدراسية لذوى الاحتياجات الخاصة / _cعبدالحكم الخزامى |
| 250 | _aط1 | ||
| 260 |
_aالقاهرة : _bالدار الاكاديمية للعلوم ، _c2012 . |
||
| 300 |
_a255 ص ؛ _c24 سم |
||
| 504 | _aيشتمل على ارجاعات ببليوجرافية | ||
| 650 | 0 | 4 |
_aالاطفال المعوقون _xتعليم |
| 650 | 0 | 4 | _aالطلبة المعوقون |
| 650 | 0 | 4 |
_aالاطفال المعوقون _xرعاية وعلاج |
| 942 |
_2ddc _cBK |
||
| 999 |
_c61367 _d61367 |
||